[Event "Invitation"]
[Site "http://www.queenalice.com/game.php?id=1439197"]
[Date "2016.9.2"]
[Round "-"]
[White "Atzucac64"]
[Black "Equiferus"]
[Result "1-0"]
[WhiteElo "2086"]
[BlackElo "1947"]

1. d4 Nf6 2. c4 e5 3. dxe5 Ng4 4. Nf3 Bc5 5. e3 O-O 6. h3 Nh6 7. Bd3 d5 8. cxd5
Bf5 9. Bxf5 Nxf5 10. O-O Nd7 11. Nc3 Nb6 12. Ne4 Nd7 13. Nxc5 Nxc5 14. Qc2 Ng3
15. fxg3 Qxd5 16. Rd1 Qc6 17. b4 Ne4 18. Qxc6 bxc6 19. Bb2 Nxg3 20. Rd7 Rac8 21.
Kh2 Ne4 22. Rc1 c5 23. bxc5 Rfd8 24. c6 Kf8 25. Ba3+ Ke8 26. Re7+ Kf8 27. Rxc7+
Kg8 28. Rxc8 Rxc8 29. c7 g6 30. Bd6 f6 31. Rb1 Kf7 32. Rb8 1-0

[Event "AUTO-OPEN-3700"]
[Site "http://www.queenalice.com/game.php?id=1439431"]
[Date "2016.9.3"]
[Round "1"]
[White "prof_zeco"]
[Black "Atzucac64"]
[Result "0-1"]
[WhiteElo "1857"]
[BlackElo "2127"]

1. d4 Nf6 2. c4 e6 3. e3 Bb4+ 4. Bd2 a5 5. Bxb4 axb4 6. Qb3 Qe7 7. Bd3 b6 8. Nd2
Bb7 9. Ngf3 Nc6 10. O-O Na5 11. Qc2 O-O 12. Ng5 h6 13. Nge4 c5 14. Nxf6+ Qxf6
15. Ne4 Qe7 16. a3 bxa3 17. Rxa3 d5 18. cxd5 exd5 19. Ng3 c4 20. Bh7+ Kh8 21.
Bf5 Nb3 22. e4 Rxa3 23. bxa3 Nxd4 24. Qb1 Nxf5 25. exf5 Qf6 26. Nh5 Qd6 27. Qb2
d4 28. Rd1 Rd8 29. Qc2 Qd5 30. Nf4 Qe4 31. Qxe4 Bxe4 32. f6 Bc2 0-1

[Event "AUTO-OPEN-3700"]
[Site "http://www.queenalice.com/game.php?id=1439432"]
[Date "2016.9.3"]
[Round "1"]
[White "Atzucac64"]
[Black "prof_zeco"]
[Result "1-0"]
[WhiteElo "1500"]
[BlackElo "1868"]

1. d4 Nf6 2. c4 d5 3. cxd5 Nxd5 4. Nf3 Nc6 5. e4 Nf6 6. Nc3 Bg4 7. Be3 e6 8. Be2
Bb4 9. e5 Nd5 10. Rc1 O-O 11. O-O Nxe3 12. fxe3 Ne7 13. Qb3 c5 14. Rfd1 Qb6 15.
a3 Ba5 16. Qxb6 Bxb6 17. Na4 Bc7 18. Nxc5 Nf5 19. e4 Ne3 20. Rd3 Bxf3 21. Bxf3
Ba5 22. b4 Bb6 23. Rxe3 Rfd8 24. d5 exd5 25. exd5 a5 26. Rec3 axb4 27. axb4 Ra4
28. Kf1 Rxb4 29. Nxb7 Rb8 30. Rc8+ 1-0

[Event "AUTO-OPEN-3700"]
[Site "http://www.queenalice.com/game.php?id=1439459"]
[Date "2016.9.3"]
[Round "1"]
[White "junipero"]
[Black "Atzucac64"]
[Result "1/2-1/2"]
[WhiteElo "2031"]
[BlackElo "2152"]

1. d4 Nf6 2. c4 e6 3. Nc3 Bb4 4. Bd2 O-O 5. e3 b6 6. Nf3 Bb7 7. Be2 Bxc3 8. Bxc3
d6 9. O-O Nc6 10. a3 Ne4 11. Qc2 Nxc3 12. Qxc3 Qe7 13. b4 e5 14. dxe5 Nxe5 15.
Nxe5 dxe5 16. Rfd1 Rad8 17. f3 c5 18. e4 Rd4 19. bxc5 Qxc5 20. Rxd4 exd4 21. Qd3
f5 22. Rb1 fxe4 23. fxe4 Bxe4 24. Qxe4 d3+ 25. Kh1 dxe2 26. Qxe2 Qxa3 27. h3 h6
28. Qe6+ Kh8 29. Qg6 Qc3 30. Qd6 Rf6 31. Qb8+ Kh7 32. Qxa7 Qxc4 33. Qb8 b5 34.
Rxb5 Rf1+ 35. Kh2 Qd4 36. Rb3 Qg1+ 37. Kg3 Qf2+ 38. Kh2 Qg1+ 39. Kg3 Qf2+ 40.
Kh2 Qg1+ 1/2-1/2

[Event "AUTO-OPEN-3700"]
[Site "http://www.queenalice.com/game.php?id=1439460"]
[Date "2016.9.3"]
[Round "1"]
[White "Atzucac64"]
[Black "junipero"]
[Result "1-0"]
[WhiteElo "2149"]
[BlackElo "2041"]

1. d4 d5 2. c4 c6 3. Nc3 e6 4. e3 Nf6 5. Nf3 Be7 6. Bd3 O-O 7. O-O h6 8. b3 Nbd7
9. Bb2 b6 10. Rc1 Bb7 11. Bb1 Rc8 12. Qd3 Re8 13. Ne5 Ba6 14. Rfd1 c5 15. Nb5
cxd4 16. exd4 dxc4 17. bxc4 Nxe5 18. dxe5 Qxd3 19. Rxd3 Nd7 20. Rxd7 Bxb5 21.
cxb5 Rxc1+ 22. Bxc1 Rc8 23. Be3 Bc5 24. Bxc5 Rxc5 25. Bd3 Rc1+ 26. Bf1 Re1 27.
Rxa7 Rxe5 28. Ra6 Rc5 29. Rxb6 Rc2 30. a4 Ra2 31. Ra6 Kf8 32. b6 Ke7 33. a5 Kd6
34. Ra7 Kc6 35. Rc7+ Kd6 36. Ra7 Ra1 37. b7 Kc7 38. a6 Rb1 39. Ra8 g5 40. Rc8+
Kd7 41. b8=Q Rxb8 42. Rxb8 1-0

[Event "AUTO-OPEN-3700"]
[Site "http://www.queenalice.com/game.php?id=1439480"]
[Date "2016.9.3"]
[Round "1"]
[White "kilmison"]
[Black "Atzucac64"]
[Result "0-1"]
[WhiteElo "2091"]
[BlackElo "1884"]

1. e4 e6 2. d4 d5 3. e5 c5 4. c3 Nc6 5. Nf3 Qb6 6. Be2 Nh6 7. Na3 Nf5 8. Nc2 a5
9. a4 Bd7 10. Bb5 cxd4 11. cxd4 Be7 12. O-O Nh4 13. Bxc6 Nxf3+ 14. Qxf3 bxc6 15.
b3 Rb8 16. Rb1 c5 17. Ba3 c4 18. Bxe7 Kxe7 19. Rfd1 cxb3 20. Na1 Bxa4 21. Nxb3
Bxb3 22. Rd3 Rhc8 23. h3 a4 24. Qe3 Qd8 25. Qg5+ Kf8 26. Qg4 Bc2 0-1

[Event "Segunda"]
[Site "http://www.queenalice.com/game.php?id=1446697"]
[Date "2016.10.21"]
[Round "-"]
[White "Equiferus"]
[Black "Atzucac64"]
[Result "0-1"]
[WhiteElo "1930"]
[BlackElo "2191"]

1. Nf3 Nf6 2. g3 e6 3. Bg2 d5 4. O-O c6 5. d3 Bd6 6. Bg5 h6 7. Bxf6 Qxf6 8. Nc3
e5 9. e4 d4 10. Ne2 Bg4 11. Nd2 Nd7 12. h3 Bh5 13. g4 Bg6 14. Nf3 Nf8 15. h4 Ne6
16. Qd2 O-O-O 17. Kh2 Nf4 18. Nxf4 exf4 19. Bh3 Kb8 20. Rh1 Bc7 21. Rae1 Be5 22.
Kg2 Qd6 23. a4 f6 24. b4 Bf7 25. Nxe5 fxe5 26. f3 g5 27. h5 c5 28. b5 c4 29. c3
dxc3 30. Qxc3 cxd3 31. Rd1 d2 32. Kh2 Qd4 33. Qxd4 Rxd4 34. Bf1 Bb3 35. Be2 Bxd1
36. Bxd1 Rc8 37. Kg2 Rc1 38. Rf1 Rb4 0-1

[Event "Challenge"]
[Site "http://www.queenalice.com/game.php?id=1447480"]
[Date "2016.11.2"]
[Round "-"]
[White "Atzucac64"]
[Black "szachograjek"]
[Result "1/2-1/2"]
[WhiteElo "2140"]
[BlackElo "2262"]

1. d4 d6 2. c4 Nf6 3. Nc3 g6 4. e4 Bg7 5. Nf3 O-O 6. Be2 Nc6 7. O-O e5 8. d5 Ne7
9. b4 a5 10. b5 b6 11. Bg5 h6 12. Bxf6 Bxf6 13. Ne1 Bg7 14. a4 f5 15. f3 f4 16.
Qd2 g5 17. Nd3 h5 18. Kf2 g4 19. Ke1 Qe8 20. Kd1 Qg6 21. Qe1 g3 22. h3 Qf6 23.
Kc2 Ng6 24. Qd2 Kf7 25. Rfd1 Rh8 26. Bf1 Bd7 27. Ne1 Rag8 28. Ra2 Bf8 29. Kb1
Ke8 30. Qd3 Kd8 31. Rdd2 Kc8 32. Rac2 Qh4 33. Ne2 Rh7 34. Ng1 Rhg7 35. Ka2 Nh8
36. Ka1 Nf7 37. Ka2 Ng5 38. Ka1 Kb8 39. Ka2 Kb7 40. Re2 Ka7 41. Qd2 Nh7 42. Kb2
Nf6 43. Ka2 Bc8 44. Kb2 Nd7 45. Nd3 Nf6 46. Ne1 Nh7 47. Ka2 Ng5 48. Kb2 Nh7 49.
Ka2 Nf6 50. Kb2 1/2-1/2

[Event "Tertia"]
[Site "http://www.queenalice.com/game.php?id=1451794"]
[Date "2016.11.25"]
[Round "-"]
[White "Atzucac64"]
[Black "Equiferus"]
[Result "0-1"]
[WhiteElo "2208"]
[BlackElo "1996"]

1. d4 f5 2. g3 g6 3. Bg2 Nf6 4. Nf3 Bg7 5. O-O O-O 6. b3 d6 7. Bb2 Re8 8. d5 e5
9. dxe6 Nc6 10. c4 Ne4 11. Bxg7 Kxg7 12. Nd4 Qf6 13. e3 Bxe6 14. Na3 Nxd4 15.
exd4 d5 16. c5 Bd7 17. Qd3 a6 18. f4 h5 19. b4 Re7 20. Rad1 Rae8 21. Qb3 c6 22.
Nc2 h4 23. Ne1 Rh8 24. Qf3 hxg3 25. hxg3 Kf8 26. a3 Reh7 27. Rd3 g5 28. Nc2 Qh6
29. Re1 g4 30. Qe3 Qh1+ 0-1

[Event "Quarta"]
[Site "http://www.queenalice.com/game.php?id=1458279"]
[Date "2017.1.6"]
[Round "-"]
[White "Equiferus"]
[Black "Atzucac64"]
[Result "0-1"]
[WhiteElo "1937"]
[BlackElo "2152"]

1. Nf3 Nf6 2. g3 b6 3. Bg2 Bb7 4. O-O e6 5. Re1 c5 6. d4 cxd4 7. Qxd4 Nc6 8. Qa4
Be7 9. Nc3 O-O 10. h4 d5 11. e4 dxe4 12. Nxe4 Nxe4 13. Qxe4 Na5 14. Qe2 Bf6 15.
Bg5 Bxg5 16. Nxg5 Bxg2 17. Kxg2 Qd5+ 18. Kh2 h6 19. Nh3 Rac8 20. c3 Rcd8 21. Nf4
Qf5 22. b3 Rd7 23. b4 Nc6 24. a4 Rfd8 25. Qe4 Qxe4 26. Rxe4 e5 27. Nh5 Rd2 28.
Kg2 g6 29. Rc4 R8d6 30. Re4 gxh5 31. b5 f5 32. Ree1 Ne7 33. Rxe5 Kf7 34. Rae1
Rd7 35. Re6 Ng6 36. Ra1 Kxe6 0-1

[Event "Challenge"]
[Site "http://www.queenalice.com/game.php?id=1458994"]
[Date "2017.1.11"]
[Round "-"]
[White "AlekinePb"]
[Black "Atzucac64"]
[Result "0-1"]
[WhiteElo "2034"]
[BlackElo "2169"]

1. d4 Nf6 2. c4 e6 3. Nf3 Bb4+ 4. Bd2 Qe7 5. a3 Bxd2+ 6. Nbxd2 d6 7. e4 e5 8. d5
O-O 9. Bd3 Nbd7 10. O-O Nc5 11. Bc2 a5 12. Ne1 Bd7 13. b4 axb4 14. axb4 Rxa1 15.
Qxa1 Na6 16. Qc3 Nh5 17. Nd3 f5 18. b5 Nb8 19. Nc1 fxe4 20. Bxe4 Nf4 21. g3 Qg5
22. Kh1 Nh3 23. Nf3 Qh5 24. Nh4 Nxf2+ 25. Rxf2 Rxf2 26. Qe3 Qd1+ 0-1

[Event "Challenge"]
[Site "http://www.queenalice.com/game.php?id=1458995"]
[Date "2017.1.11"]
[Round "-"]
[White "Atzucac64"]
[Black "AlekinePb"]
[Result "1/2-1/2"]
[WhiteElo "2172"]
[BlackElo "1999"]

1. d4 Nf6 2. c4 e5 3. dxe5 Ng4 4. Nf3 Nc6 5. Bf4 Bb4+ 6. Nbd2 Qe7 7. e3 Ngxe5 8.
Nxe5 Nxe5 9. Be2 O-O 10. a3 Bxd2+ 11. Qxd2 d6 12. O-O Ng6 13. Bg3 Bd7 14. Bf3
Bc6 15. Bxc6 bxc6 16. b4 a5 17. Qc3 a4 18. Rad1 f5 19. Rfe1 Qf6 20. Qxf6 Rxf6
21. Rd3 Ne5 22. Bxe5 dxe5 23. Red1 Raf8 24. Rd8 f4 25. e4 g5 26. Kf1 Kg7 27.
Rxf8 Kxf8 28. Rd7 Rf7 29. Rxf7+ Kxf7 30. Ke2 Ke6 31. Kd3 Kd6 32. c5+ Kd7 33. Kc4
Kc8 34. b5 Kb7 35. Kb4 cxb5 36. Kxb5 c6+ 37. Kxa4 Ka6 38. g3 h5 39. gxf4 gxf4
40. h4 f3 41. Kb4 Kb7 42. Kc4 Ka6 43. Kb4 Kb7 44. Kc3 Ka6 45. Kb4 Kb7 46. Kc3
Ka6 47. Kb4 1/2-1/2

[Event "AUTO-OPEN-3700"]
[Site "http://www.queenalice.com/game.php?id=1464677"]
[Date "2017.2.15"]
[Round "2"]
[White "Atzucac64"]
[Black "Lopesq"]
[Result "1-0"]
[WhiteElo "2148"]
[BlackElo "1876"]

1. d4 d5 2. c4 dxc4 3. e3 c6 4. Bxc4 e6 5. Nf3 Be7 6. Nc3 Nd7 7. O-O Ngf6 8. b3
O-O 9. Bb2 Nb6 10. Bd3 Re8 11. Rc1 Nbd7 12. Bb1 a5 13. Qd3 b5 14. e4 b4 15. Ne2
Ba6 16. Qc2 Bxe2 17. Qxe2 Qb6 18. Rfd1 Rac8 19. Qd3 Red8 20. e5 g6 21. exf6 Bxf6
22. Qc2 c5 23. Qe2 cxd4 24. Rxc8 Rxc8 25. Bxd4 Bxd4 26. Nxd4 Qc7 27. g3 Nf6 28.
Be4 Nxe4 29. Qxe4 Qd7 30. Re1 Re8 31. Qc6 Rd8 32. Qxd7 Rxd7 33. Nf3 Kg7 34. Re2
Rd1+ 35. Kg2 Rd5 36. Re5 Kf6 37. Rxd5 exd5 38. Kf1 h6 39. Ke2 Ke6 40. Kd3 Kd6
41. Kd4 f6 42. Nh4 g5 43. Nf5+ Ke6 44. Nxh6 f5 45. f4 g4 46. Ng8 Kd6 47. Nf6 Ke6
48. Nxd5 Kd6 49. Ne3 Ke6 50. Nc4 Kf6 51. Nxa5 Ke6 52. Nc6 Kd6 53. Nxb4 Ke6 54.
Kc5 1-0

[Event "AUTO-OPEN-3700"]
[Site "http://www.queenalice.com/game.php?id=1464678"]
[Date "2017.2.15"]
[Round "2"]
[White "Lopesq"]
[Black "Atzucac64"]
[Result "0-1"]
[WhiteElo "1613"]
[BlackElo "2116"]

1. d4 Nf6 2. Nf3 e6 3. c3 c5 4. dxc5 Bxc5 5. e3 Nc6 6. Nbd2 O-O 7. Be2 d5 8. Nb3
Bd6 9. O-O b6 10. Re1 Bb7 11. h3 Qc7 12. Nbd2 Rad8 13. Qc2 Qe7 14. Qa4 Bb8 15.
Bb5 Qd6 16. Bxc6 Bxc6 17. Qd1 e5 18. Nf1 Bb5 19. N1d2 e4 20. Nd4 Qh2# 0-1

[Event "AUTO-OPEN-3700"]
[Site "http://www.queenalice.com/game.php?id=1464679"]
[Date "2017.2.15"]
[Round "2"]
[White "Atzucac64"]
[Black "Igor2000"]
[Result "1/2-1/2"]
[WhiteElo "2116"]
[BlackElo "1838"]

1. d4 d5 2. c4 dxc4 3. e3 Nf6 4. Bxc4 Bf5 5. Qb3 e6 6. Nc3 Ne4 7. Nxe4 Bxe4 8.
f3 Bc6 9. Ne2 Nd7 10. O-O Nb6 11. Bb5 Qd7 12. Bxc6 Qxc6 13. Bd2 Bd6 14. Rac1 Qd7
15. Bb4 O-O 16. Bxd6 cxd6 17. Rc2 Rac8 18. Rfc1 Rxc2 19. Rxc2 Rc8 20. Rxc8+ Qxc8
21. Qc3 Qxc3 22. bxc3 f5 23. Kf2 Kf7 24. Nf4 Na4 25. Ne2 b5 26. Ke1 Kf6 27. Kd2
e5 28. Nc1 Nb6 29. Kd3 Ke6 30. e4 f4 31. dxe5 dxe5 32. Nb3 Kd6 33. Na5 Kc7 34.
c4 bxc4+ 35. Nxc4 Nxc4 36. Kxc4 Kc6 37. g3 g5 38. g4 a6 39. a3 Kd6 40. Kb4 Kc6
41. Ka5 Kb7 42. h3 h6 43. a4 Ka7 44. Kb4 Kb6 45. a5+ Kc6 46. Kc4 Kd6 47. Kb4 Kc6
48. Kc4 Kd6 49. Kb4 Kc6 50. Kc4 1/2-1/2

[Event "Quinta"]
[Site "http://www.queenalice.com/game.php?id=1464689"]
[Date "2017.2.15"]
[Round "-"]
[White "Atzucac64"]
[Black "Equiferus"]
[Result "1/2-1/2"]
[WhiteElo "2191"]
[BlackElo "1948"]

1. d4 f5 2. g3 g6 3. Bg2 Nf6 4. b3 Bg7 5. Bb2 O-O 6. Nd2 d6 7. e3 Nbd7 8. Ne2
Re8 9. e4 fxe4 10. Nxe4 Nxe4 11. Bxe4 c5 12. O-O Nf6 13. Bg2 Rb8 14. d5 e5 15.
dxe6 Bxe6 16. Nf4 Bf7 17. c4 b5 18. cxb5 Re7 19. Bxf6 Bxf6 20. Nd5 Bxa1 21.
Nxe7+ Qxe7 22. Qxa1 Rxb5 23. Re1 Qd7 24. Qf6 c4 25. Re7 Rf5 26. Rxd7 Rxf6 27.
bxc4 Bxc4 28. Rxa7 d5 29. Rd7 Bxa2 30. Bxd5+ Bxd5 31. Rxd5 h5 32. h4 Kf7 33. Kf1
Re6 34. Rd3 Kf6 35. Re3 Kf5 36. Rxe6 Kxe6 37. Ke2 Kf5 1/2-1/2

[Event "Challenge"]
[Site "http://www.queenalice.com/game.php?id=1478714"]
[Date "2017.5.18"]
[Round "-"]
[White "bobjgirl"]
[Black "Atzucac64"]
[Result "0-1"]
[WhiteElo "2315"]
[BlackElo "2100"]

1. d4 Nf6 2. c4 e6 3. Nf3 Bb4+ 4. Bd2 Qe7 5. Nc3 Bxc3 6. Bxc3 Ne4 7. Qc2 Nxc3 8.
Qxc3 b6 9. e4 Bb7 10. Be2 Bxe4 11. O-O Bb7 12. Rfe1 O-O 13. Qc2 Qf6 14. Rad1 d6
15. d5 e5 16. Bd3 h6 17. Nd2 Na6 18. a3 Nc5 19. Bf1 Bc8 20. b4 Bf5 21. Qc3 Nd7
22. Re3 e4 23. Qc2 a5 24. Nxe4 Bxe4 25. Qxe4 Rae8 26. Qxe8 Rxe8 27. Rxe8+ Kh7
28. Bd3+ g6 29. Rde1 axb4 30. axb4 Ne5 31. Bf1 Qg5 32. Kh1 Qd2 33. R8xe5 dxe5
34. Rxe5 Qxf2 0-1

[Event "Challenge"]
[Site "http://www.queenalice.com/game.php?id=1478715"]
[Date "2017.5.18"]
[Round "-"]
[White "Atzucac64"]
[Black "bobjgirl"]
[Result "0-1"]
[WhiteElo "2134"]
[BlackElo "2343"]

1. d4 Nf6 2. c4 g6 3. Nc3 d5 4. cxd5 Nxd5 5. e4 Nxc3 6. bxc3 Bg7 7. Qa4+ Bd7 8.
Qa3 O-O 9. Rb1 b6 10. Be3 Nc6 11. Nf3 e5 12. Be2 exd4 13. cxd4 Bg4 14. d5 Na5
15. O-O Re8 16. h3 Bd7 17. Bd3 c5 18. Bd2 Nb7 19. Bc3 Nd6 20. Bxg7 Kxg7 21. Qc3+
Kg8 22. Nd2 Rc8 23. Qa3 Rc7 24. Rbc1 Bc8 25. Rfe1 Rce7 26. f3 f5 27. Kf1 fxe4
28. fxe4 Rf7+ 29. Kg1 Qg5 30. Nc4 Bxh3 31. Qb2 Ref8 32. Rc2 Qg3 33. Qc3 Rf2 0-1

[Event "Challenge"]
[Site "http://www.queenalice.com/game.php?id=1478960"]
[Date "2017.5.20"]
[Round "-"]
[White "Atzucac64"]
[Black "szachowymag"]
[Result "1-0"]
[WhiteElo "2124"]
[BlackElo "2199"]

1. d4 Nf6 2. c4 g6 3. Nc3 Bg7 4. e4 d6 5. Nf3 O-O 6. Be2 Nc6 7. h3 e5 8. Be3 h6
9. Qd2 Kh7 10. O-O Nd7 11. Rad1 exd4 12. Nxd4 Nxd4 13. Bxd4 Bxd4 14. Qxd4 Qf6
15. Nb5 Qd8 16. f4 a6 17. Nc3 Nc5 18. e5 Ne6 19. Qf2 Qe7 20. Nd5 Qd8 21. exd6
cxd6 22. f5 Ng5 23. fxg6+ Kxg6 24. Qf6+ Qxf6 25. Rxf6+ Kg7 26. Rxd6 Be6 27. Nc7
Rac8 28. Nxe6+ Nxe6 29. b3 Nc5 30. Bg4 Rc7 31. Bf3 a5 32. Rb6 Rb8 33. Rd4 1-0

[Event "Challenge"]
[Site "http://www.queenalice.com/game.php?id=1486020"]
[Date "2017.7.14"]
[Round "-"]
[White "Atzucac64"]
[Black "armandocosta"]
[Result "0-1"]
[WhiteElo "2154"]
[BlackElo "2222"]

1. d4 Nf6 2. c4 e6 3. Nc3 d5 4. cxd5 exd5 5. Bg5 Bb4 6. e3 O-O 7. Bd3 h6 8. Bh4
c5 9. Ne2 c4 10. Bc2 Nc6 11. O-O g5 12. Bg3 Be6 13. a3 Be7 14. f3 Rc8 15. Bf2
Qb6 16. Qd2 Rcd8 17. e4 dxe4 18. Nxe4 Nd5 19. Nc5 Nc7 20. Nxe6 Nxe6 21. d5 Bc5
22. Rad1 Ne7 23. Nc3 Nf4 24. Kh1 Bxf2 25. Qxf2 Nexd5 26. Nxd5 Nxd5 27. Qe2 Rfe8
28. Be4 Kf8 29. Qf2 Ne3 30. Rxd8 Rxd8 31. Re1 Nd1 0-1